LEADER 01037nam a2200277 u 4500 001 000000059416 003 CaOOAMICUS 005 20070226120810.0 008 010627s1993 it u000 u ita u 035 $a10894406 040 $aPUL(R)$bita 100 1 $aGargani, Aldo Giorgio,$d1933-2009.$0(OLS)http://pul/name/40987 245 10$aIntroduzione a Wittgenstein /$cdi Aldo G. Gargani. 250 $a5 ed. 260 $aBari :$bLaterza,$c1993. 300 $a195 p. ;$c18 cm 490 1 $aI filosofi ;$v17 504 $aBibliografia: p. 143-191. 600 14$aWittgenstein, Ludwig,$d1889-1951.$0(OLS)http://pul/subject/5985 830 2$aI filosofi (Laterza) ;$v17.$0(OLS)http://pul/title/7858 850 $aPUL 852 $aPUL$W1$xSL Filosofia 1$y2$m88 I 15$j77464$nBK-PRI$b $qStampati$B77464$CPULBib$Z2$F77464 $H $81 941 1 $a8 961 $aINV: 72483 996 $6245$aIntroduzione a Wittgenstein$9(OLS)http://pul/title/79542 996 $6260$aBari :$bLaterza$9(OLS)http://pul/publisher/47895 LEADER 01243nam a2200265 a 4500 001 000000164948 003 CaOOAMICUS 005 20171214155149.0 008 171214s1990 bl m u001 u por d 032 $aLibriCat 040 $aPUL$bita 100 1 $aRocha Couto, António José da.$0(OLS)http://pul/name/106152 245 12$aA aliança do Sinai : $bcomo núcleo lógico-teológico central do Antigo Testamento / $cAntónio José da Rocha Couto . 260 $aValadares :$b[s.n.],$c1990. 300 $aliii, 307 p. ;$c24 cm. 502 $aTesi-- Pontificia Università Urbaniana, Facoltà di Teologia. 1990. 504 $aBibliografia in nota a piè pagina. 630 04$aBiblia.$pV.T.$0(OLS)http://pul/subject/1661 710 2 $aPontificia Università Urbaniana.$bFacoltà di teologia$kTesi.$0(OLS)http://pul/name/81495 850 $aPUL 852 $aPUL$W1$xDP1 Tesi Pon. Univ. Urbaniana$y49$mTH URB 184$j189170$qTesi$B192264$CPULBib$Z2$F192264 $H67771 $82 941 1 $a16 996 $6245$aA aliança do Sinai : $bcomo núcleo lógico-teológico central do Antigo Testamento / $9(OLS)http://pul/title/204638 996 $6260$aValadares :$b[s.n.]$9(OLS)http://pul/publisher/86601